000
00192nam a22000857a 4500
001
1243152
005
20251016104607.0
245
_a
PETER PAN
_c
JAMES MATTHEW BARRİE
260
_b
AKVARYUM YAYINLARI
999
_c
1243152
_d
1243152